Enfoque: el único futuro de su empresa
Tallennettuna:
| Päätekijä: | |
|---|---|
| Aineistotyyppi: | Kirja |
| Kieli: | espanja |
| Julkaistu: |
Ciudad de México
McGraw-Hill
1996
|
| Aiheet: | |
| Tagit: |
Lisää tagi
Ei tageja, Lisää ensimmäinen tagi!
|
MARC
| LEADER | 00000nam a2200000 a 4500 | ||
|---|---|---|---|
| 001 | UCT2527 | ||
| 003 | CL-VaPUC | ||
| 008 | 961011e19960000MX |||||||||||||||||spa|d | ||
| 082 | 0 | 4 | |a 658.8 |b RIE |2 21 |
| 100 | 0 | |a Ries, Al |e author |9 371540 | |
| 245 | 1 | 0 | |a Enfoque: el único futuro de su empresa |
| 300 | |a 347 p | ||
| 942 | |c BK | ||
| 945 | |d 19961011 00:00:00 |a rleighto | ||
| 260 | |a Ciudad de México |b McGraw-Hill |c 1996 | ||
| 650 | 0 | |a Administración de empresas |9 260833 | |
| 650 | 0 | |a Empresas |9 255569 | |
| 583 | |a last modification |c 19961011 00:00:00 |k Rodrigo Vera | ||
| 999 | |c 252589 |d 252587 | ||
| 952 | |0 0 |1 0 |4 0 |6 658_800000000000000_RIE_1996 |7 0 |8 A |9 272519 |a BIBENE |b BIBENE |d 2019-11-19 |i 324069K |o 658.8 RIE 1996 |p 324069K |r 2025-01-15 |w 2019-11-19 |y BK |k ICO | ||
| 952 | |0 0 |1 0 |4 0 |6 658_800000000000000_RIE_1996 |7 0 |8 A |9 272520 |a BIBGIM |b BIBGIM |d 2019-11-19 |i 3340759 |o 658.8 RIE 1996 |p 3340759 |r 2025-01-15 |w 2019-11-19 |y BK |k COM | ||
| 952 | |0 0 |1 0 |4 0 |6 658_800000000000000_RIE_1996 |7 0 |8 A |9 272521 |a BIBING |b BIBING |d 2019-11-19 |i 3622738 |o 658.8 RIE 1996 |p 3622738 |r 2025-01-20 |w 2019-11-19 |y BK |k ING | ||
| 952 | |0 0 |1 0 |4 0 |6 658_800000000000000_RIE_1996 |7 0 |8 A |9 272522 |a BIBGIM |b BIBGIM |d 2019-11-19 |i 3622754 |o 658.8 RIE 1996 |p 3622754 |r 2025-01-15 |w 2019-11-19 |y BK |k GIM | ||